| Поле | Инд. | ПП | Название | Значение |
|---|---|---|---|---|
| Тип записи | a | |||
| Библиографический уровень | b | |||
| 001 | Контрольный номер | RU/IS/BASE/140623019 | ||
| 005 | Дата корректировки | 20200522190642.5 | ||
| 084 | a | Индекс другой классификации/Индекс ББК | 60.721.1(2Рос); 60.73(2Рос) | |
| 097 | 00 | a | 750 | |
| 100 | 10 | a | Автор | Забарская И. А. |
| 245 | 00 | a | Заглавие | Демографическая ситуация в России на пороге XXI века и необходимость переписи населения |
| 650 | a | Основная рубрика | демографическая статистика | |
| a | Основная рубрика | демография | ||
| a | Основная рубрика | народонаселение | ||
| 653 | 00 | a | Ключевые слова | XX век |
| a | Ключевые слова | естественный прирост населения | ||
| a | Ключевые слова | миграции | ||
| a | Ключевые слова | население | ||
| a | Ключевые слова | переписи населения | ||
| a | Ключевые слова | продолжительность жизни | ||
| a | Ключевые слова | рождаемость | ||
| a | Ключевые слова | Россия | ||
| a | Ключевые слова | смертность | ||
| a | Ключевые слова | численность населения | ||
| 773 | 00 | t | Заглавие источника | Вопросы статистики |
| d | Дата издания источника | 2000 | ||
| g | Прочая информация | № 4. - С. 5 - 8 | ||
| w | Контрольный № источника | RU/IS/BASE/132773493 | ||
| 901 | t | Тип документа | b |